| 000 | 00338nam a22001337a 4500 | ||
|---|---|---|---|
| 999 |
_c54994 _d54994 |
||
| 008 | 200204b ||||| |||| 00| 0 eng d | ||
| 041 | _aeng | ||
| 080 |
_2043.3 _a043.3 |
||
| 082 | _a043.3 | ||
| 100 | _a0 | ||
| 101 | _aMTH | ||
| 245 |
_aAnaliza e Faktorëve Ndikues në Internacionalizimin e Ndërmarrjeve _cBerisha,A |
||
| 942 |
_2udc _cBK |
||